О сущности математики: [пер. с нем.]

Detalhes bibliográficos
Autor principal: Фосс А. Аурель
Outros Autores: Яшунский И. Б. (переводчик)
Resumo:Текст в русской дореформенной орфографии
Idioma:russo
Publicado em: Санкт-Петербург, [Б. и.], 1911
Assuntos:
Formato: MixedMaterials Livro
KOHA link:https://koha.lib.tpu.ru/cgi-bin/koha/opac-detail.pl?biblionumber=376870

MARC

LEADER 00000nam0a2200000 4500
001 376870
005 20231102012846.0
035 |a (RuTPU)RU\TPU\retro\34312 
090 |a 376870 
100 |a 20230120d1911 k y0rusy50 ca 
101 1 |a rus  |c ger 
102 |a RU 
105 |a y z 000zy 
200 1 |a О сущности математики  |e [пер. с нем.]  |f А. Фосс  |g пер. И. Б. Яшунского 
210 |a Санкт-Петербург  |c [Б. и.]  |d 1911 
215 |a 116 с. 
300 |a Текст в русской дореформенной орфографии 
316 |5 63413507: 2//541  |a На обложке надпись: «Заказ г. Некрасова» 
606 1 |a Математика  |x Философские проблемы  |2 stltpush  |3 (RuTPU)RU\TPU\subj\41191  |9 61003 
610 1 |a математическая наука 
610 1 |a история 
610 1 |a геометрия 
610 1 |a арифметика 
610 1 |a механика 
610 1 |a аксиоматика 
610 1 |a Заказ господина Некрасова В. Л. 
675 |a 51:1  |v 4 
700 1 |a Фосс  |b А.  |g Аурель 
702 1 |a Яшунский  |b И. Б.  |4 730 
801 1 |a RU  |b 63413507  |c 20230120 
801 2 |a RU  |b 63413507  |c 20230214  |g RCR 
942 |c BK